000 01007nam a22003012 4500
999 _c3784
_d3784
003 ALUPE UNIVERSITY
005 20220623123155.0
008 830104s1983 stk 001 0 eng
020 _a0582777070
040 _cALUPE UNIVERSITY
050 0 _aRT41
_b.F58 1983
060 _aWY 100 F771
245 0 0 _aFoundations of nursing and first aid.
250 _a6th ed. /
_bD.S. Usman [et al.].
260 _aEdinburgh ;
_aNew York :
_bChurchill Livingstone,
_cc1983.
300 _ax, 326 p. :
_bill. ;
_c23 cm.
500 _aRev. ed. of: Foundations of nursing and first aid / by Janet S. Ross, Kathleen J.W. Wilson. 5th ed. 1970.
500 _aIncludes index.
504 _aIncludes index
650 0 _aNursing.
650 0 _aFirst aid in illness and injury.
650 2 _aFirst Aid.
650 2 _aNursing Care.
700 1 _aUsman, D. S.
700 1 _aRoss, Janet S.
_tFoundations of nursing and first aid.
942 _2lcc
_cBK
_nWO